Statistics for Saint-Etienne Best Scorer By Year

Click here to take the quiz!

General Stats

  • This quiz has been taken 115 times
    (89 since last reset)
  • The average score is 11 of 42

Answer Stats

Player% Correct
Pierre-Emerick Aubameyang
80%
Romain Hamouma
80%
Wahbi Khazri
76%
Michel Platini
69%
Robert Berić
68%
Denis Bouanga
62%
Max Gradel
58%
Bafétimbi Gomis
53%
Mevlüt Erdinç
47%
Dominique Rocheteau
46%
Rémy Cabella
46%
Dimitri Payet
45%
Hervé Revelli
42%
Patrick Revelli
42%
Nolan Roux
36%
Pascal Feindouno
36%
Jonathan Bamba
32%
Frédéric Piquionne
27%
Salif Keïta
23%
Emmanuel Rivière
22%
Robert Herbin
22%
Ilan
19%
Alex Dias
11%
Lubomir Moravčík
8%
Rachid Mekloufi
8%
Laurent Blanc
7%
Patrice Garande
7%
Étienne Mendy
5%
Bernard Genghini
4%
Philippe Tibeuf
4%
André Guy
3%
Eugène N'Jo Léa
3%
Ginès Liron
3%
Jacques Foix
3%
Laurent Roussey
3%
Liazid Sandjak
3%
Merry Krimau
3%
René Alpsteg
3%
Roland Wohlfarth
3%
Jean Tamini
1%
Kees Rijvers
1%
Pascal Carrot
1%

Score Distribution

Percentile by Number Answered

Percent of People with Each Score

Your Score History

You have not taken this quiz since the last reset